Estudios sobre el poema del Cid

Wedi'i Gadw mewn:
Manylion Llyfryddiaeth
Prif Awduron: Doddis Miranda, Antonio (Awdur), Sepulveda Duran, German (Awdur)
Fformat: Llyfr
Iaith:Sbaeneg
Cyhoeddwyd: Santiago Universitaria 1955
Pynciau:
Tagiau: Ychwanegu Tag
Dim Tagiau, Byddwch y cyntaf i dagio'r cofnod hwn!

MARC

LEADER 00000nam a2200000 a 4500
001 UCX5748
003 CL-VaPUC
008 930114e19550000CL |||||||||||||||||spa|d
082 0 4 |a 861.09  |b DOD  |2 21 
100 0 |a Doddis Miranda, Antonio  |e author  |9 322118 
700 0 |a Sepulveda Duran, German  |e author  |9 322119 
245 1 0 |a Estudios sobre el poema del Cid 
300 |a 3 v 
942 |c BK 
945 |d 19930114 00:00:00  |a oaravena 
260 |a Santiago  |b Universitaria  |c 1955 
650 7 |a POESIA EPICA ESPAÑOLA HISTORIA Y CRITICA  |2 CL-VaPUC  |9 321211 
583 |a last modification  |c 19930114 00:00:00  |k Rodrigo Vera 
999 |c 225939  |d 225937 
952 |0 0  |1 0  |4 0  |6 861_090000000000000_DOD_1955  |7 0  |8 A  |9 223910  |a BIBEDU  |b BIBEDU  |d 2019-11-15  |h v.1  |i 2980363  |o 861.09 DOD 1955  |p 2980363  |r 2019-11-15  |w 2019-11-15  |y BK  |k LIT